| 000 | 01166nam a22003377a 4500 | ||
|---|---|---|---|
| 003 | CHAP | ||
| 005 | 20220329133628.0 | ||
| 008 | 971013s1994 r 00010 d | ||
| 010 | _a8786 | ||
| 011 | _a9758 | ||
| 035 | _a8993 | ||
| 040 | _cCHAP | ||
| 090 | _aTesis | ||
| 100 | 0 | 0 |
_aCastillo Alfaro, Juan. _920075 |
| 245 | _aEfecto de la levadura torula (Candida utilis) en cerdos alimentados con escamocha en la etapa de finalización | ||
| 260 |
_aChapingo, Méx. : _bEl autor, _c1994 |
||
| 300 |
_a80 p. _b: ilus. ; gráfs. |
||
| 502 | _aTesis (Ing. Agr. Esp. en Zootecnia) -- UACH. Departamento de Zootecnia | ||
| 590 |
_aALEPH _b10 _c20130110 _lUCH01 _h1224 |
||
| 590 |
_aBATCH-UPD _b10 _c20130110 _lUCH01 _h1501 |
||
| 590 |
_aBATCH-UPD _b10 _c20130410 _lUCH01 _h0923 |
||
| 590 |
_aBATCH-UPD _b10 _c20130914 _lUCH01 _h0909 |
||
| 590 |
_aCONVERSION _b10 _c20130109 _lUCH01 _h1306 |
||
| 650 | 1 | 4 |
_aCandida utilis. _918340 |
| 650 | 1 | 4 |
_aGanado porcino _xAlimentación. _945329 |
| 650 | 1 | 4 |
_aLevaduras en alimentación animal. _966404 |
| 700 | 0 |
_aDuarte Arreola, José. _934288 |
|
| 901 | _aBK | ||
| 942 | _cTESIS | ||
| 949 |
_bBC _cTES _d-19474 _eTS1 _h26430 _i8993 _mD _si |
||
| 999 |
_c8786 _d8786 |
||